| 000 | 00000cas 2200000zi 4500 |
| 001 | 9.913939 |
| 003 | CaOODSP |
| 005 | 20260127093728 |
| 006 | m o d f |
| 007 | cr ||||||||||| |
| 008 | 220729c20199999oncar p o f0###b0fre|d |
| 022 | |a2816-6388 |
| 040 | |aCaOODSP|bfre|erda|cCaOODSP |
| 043 | |an-cn--- |
| 086 | 1 |aT1-34F-PDF |
| 110 | 1 |aCanada. |bTransports Canada, |eauteur, |eorganisme de publication. |
| 222 | 0|aRapport annuel au Parlement sur l'application de la Loi sur la protection des renseignements personnels ... |b(Canada. Transports Canada) |
| 245 | 10|aRapport annuel au Parlement sur l'administration de la Loi sur la protection des renseignements personnels ... |
| 246 | 3 |iLes livraisons de 2023/2024 - comportent le titre : |aRapport annuel sur l’administration de la Loi sur la protection des renseignements personnels … |
| 264 | 1|aOttawa (Ontario) : |bTransports Canada, |c[2019]- |
| 310 | |aAnnuel |
| 336 | |atexte|btxt|2rdacontent/fre |
| 337 | |ainformatique|bc|2rdamedia/fre |
| 338 | |aressource en ligne|bcr|2rdacarrier/fre |
| 362 | 1 |aParaît depuis 2018/2019. |
| 500 | |aPublié aussi en anglais sous le titre : Annual report to Parliament on the administration of the Privacy Act. |
| 588 | |aDescription d'après : 2022/2023. |
| 588 | |aDernière livraison consultée : 2022/2023. |
| 610 | 16|aCanada. |bTransports Canada|vPériodiques. |
| 610 | 16|aCanada. |tLoi sur la protection des renseignements personnels|vPériodiques. |
| 650 | 6|aDroit à la vie privée|zCanada|vPériodiques. |
| 655 | 7|aPériodiques|2rvmgf |
| 775 | 08|tAnnual report to Parliament on the administration of the Privacy Act ... |w(CaOODSP)9.913933 |